| 000 | 00906nam a2200289 a 4500 | ||
|---|---|---|---|
| 003 | AR-BaBNM | ||
| 005 | 20251128203610.0 | ||
| 008 | 082120s2002 ||||||||||||||000 | spa|| | ||
| 040 | _cAR-BaBNM | ||
| 100 | 1 | _aHiggs, Henry | |
| 245 | 0 | 0 | _aLos fisiócratas |
| 250 | _a1ª ed. | ||
| 260 |
_aMéxico, D.F. _bFondo de Cultura Económica _c1944 |
||
| 300 | _a171 p. | ||
| 490 | 0 |
_aSección de obras de Economía: manuales introductorios _v2 |
|
| 500 | _aEsta obra presenta un tratamiento histórico de la escuela de los fisiócratas: aparición de la escuela, sus ideólogos, sus doctrinas, actividades, adversarios e influencia | ||
| 600 | 1 | 4 | _aQuesnay, Francois |
| 650 | 4 | _aECONOMIA | |
| 650 | 4 | _aHISTORIA ECONOMICA | |
| 650 | 4 | _aDOCTRINAS ECONOMICAS | |
| 650 | 4 | _aTEORIA ECONOMICA | |
| 650 | 4 | _aECONOMISTAS | |
| 651 | 4 | _aFrancia | |
| 653 | _aFISIOCRACIA | ||
| 942 | _cBK | ||
| 998 | _claura | ||
| 999 |
_c4080 _d4080 |
||